Piłka nożna quiz #217 - Kariera klubowa - Bernardo Silva - Statystyki

Ogólne statystyki
  • Ten quiz został rozwiązany 239 razy
  • Średni wynik to 4 z 5
Statystyki odpowiedzi
Lata gry Klub % Poprawnych
2017 - obecnie Manchester City
100%
2013 - 2015 SL Benfica
80%
2013 - 2015 SL Benfica B
80%
2014 - 2015 AS Monaco
65%
2015 - 2017 AS Monaco
65%
Nie znaleziono quizów pasujących do podanych kryteriów
Rozkład punktacji
Procent ludzi z każdym wynikiem
Percentyl według liczby udzielonych odpowiedzi
Twoja historia wyników
Nie rozwiązałeś tego quizu